00410nam a2200157Ia 450000500170000000800410001704000190005804100120007708200130008924500260010226000540012830000100018265000350019265100150022785000100024220221031101925.0131103s9999 xx 000 0 und d aLoreto College aEnglish a100bNAT aPhilosophical studies aDublinbThe National University of Irelandc[19-] a392p  aNational University of Ireland aPhilosophy aLCLIB